[Event "Wiesbaden op 32nd"]
[Site "Wiesbaden"]
[Date "2023.08.27"]
[Round "6"]
[White "Hipler, Andreas"]
[Black "Schneider, Joerg"]
[Result "0-1"]
[WhiteElo "1770"]
[BlackElo "2025"]
[PlyCount "54"]
[EventDate "2023.08.24"]
[EventType "swiss"]
[EventRounds "7"]
[EventCountry "GER"]
[SourceTitle "CBM 216 Extra"]
[Source "ChessBase"]
[SourceDate "2023.11.30"]
[SourceVersion "1"]
[SourceVersionDate "2023.11.30"]
[SourceQuality "1"]

1. d4 Nf6 2. Nf3 g6 3. g3 Bg7 4. Bg2 c5 5. dxc5 Qa5+ 6. Nfd2 Qxc5 7. 0-0 0-0 8. Nc3 a6 9. Nb3 Qc7 10. Bf4 d6 11. Qd2 Nc6 12. Bh6 Be6 13. Bxg7 Kxg7 14. Nd4 Bd7 15. Rfd1 Rac8 16. e3 Ne5 17. Nce2 Nc4 18. Qb4 b5 19. c3 e5 20. Nf3 a5 21. Qb3 Bf5 22. a3 a4 23. Qa2 Bc2 24. Rdc1 Bb3 25. Qb1 e4 26. Nfd4 Nd2 27. Nxb5 Qc5 0-1

[Event "Wiesbaden op 32nd"]
[Site "Wiesbaden"]
[Date "2023.08.26"]
[Round "5"]
[White "Eveleens, Wim"]
[Black "Hipler, Andreas"]
[Result "1/2-1/2"]
[WhiteElo "1993"]
[BlackElo "1770"]
[PlyCount "53"]
[EventDate "2023.08.24"]
[EventType "swiss"]
[EventRounds "7"]
[EventCountry "GER"]
[SourceTitle "CBM 216 Extra"]
[Source "ChessBase"]
[SourceDate "2023.11.30"]
[SourceVersion "1"]
[SourceVersionDate "2023.11.30"]
[SourceQuality "1"]

1. c4 e6 2. g3 Nf6 3. Nf3 b6 4. Bg2 Bb7 5. 0-0 Be7 6. b3 0-0 7. Bb2 c5 8. e3 Qc7 9. Nc3 Nc6 10. Rc1 Rfd8 11. d4 cxd4 12. exd4 d5 13. cxd5 exd5 14. Re1 a6 15. a3 Qd6 16. b4 b5 17. Ne5 Re8 18. Rc2 Bd8 19. Bc1 Bb6 20. Nxc6 Rxe1+ 21. Qxe1 Bxc6 22. Qe5 Qd7 23. Be3 Re8 24. Qf4 Bb7 25. Ne2 Qe6 26. Qh4 Qf5 27. Rc3 1/2-1/2

[Event "Reinstorf Blitz op"]
[Site "Reinstorf"]
[Date "2022.02.04"]
[Round "1"]
[White "Hipler, Andreas"]
[Black "Carlstedt, Jonathan"]
[Result "0-1"]
[WhiteElo "1803"]
[BlackElo "2440"]
[PlyCount "50"]
[EventDate "2022.01.29"]
[EventType "swiss (blitz)"]
[EventRounds "9"]
[EventCountry "GER"]
[SourceTitle "CBM 206 Extra"]
[Source "ChessBase"]
[SourceDate "2022.03.31"]
[SourceVersion "1"]
[SourceVersionDate "2022.03.31"]
[SourceQuality "1"]

1. d4 g6 2. Nf3 Bg7 3. g3 d6 4. Bg2 Nf6 5. 0-0 0-0 6. b3 Nc6 7. Bb2 Re8 8. Re1 d5 9. Nbd2 Bf5 10. Nh4 Bg4 11. h3 Be6 12. e4 dxe4 13. Nxe4 Nxe4 14. Bxe4 Bd5 15. Bxd5 Qxd5 16. c3 Rad8 17. Qc2 Bf6 18. Ng2 b5 19. Nf4 Qd7 20. Re2 e5 21. Ng2 exd4 22. Rxe8+ Qxe8 23. Re1 Qd7 24. cxd4 Nxd4 25. Qc3 Ne2+ 0-1

[Event "Reinstorf Blitz op"]
[Site "Reinstorf"]
[Date "2022.02.04"]
[Round "6"]
[White "Semling, Julius"]
[Black "Hipler, Andreas"]
[Result "1-0"]
[WhiteElo "1515"]
[BlackElo "1803"]
[PlyCount "29"]
[EventDate "2022.01.29"]
[EventType "swiss (blitz)"]
[EventRounds "9"]
[EventCountry "GER"]
[SourceTitle "CBM 206 Extra"]
[Source "ChessBase"]
[SourceDate "2022.03.31"]
[SourceVersion "1"]
[SourceVersionDate "2022.03.31"]
[SourceQuality "1"]

1. d4 Nf6 2. Nc3 b6 3. e4 Bb7 4. Bd3 e6 5. Nf3 Bb4 6. e5 Nd5 7. Bd2 Bxc3 8. bxc3 0-0 9. Bxh7+ Kh8 10. Bd3 f6 11. Ng5 Qe8 12. Qf3 Nf4 13. Qxf4 g6 14. Qh4+ Kg8 15. Qh7# 1-0

[Event "Reinstorf op"]
[Site "Reinstorf"]
[Date "2022.02.01"]
[Round "4"]
[White "Hipler, Andreas"]
[Black "Pfau, Beate"]
[Result "1-0"]
[WhiteElo "1803"]
[BlackElo "2034"]
[PlyCount "115"]
[EventDate "2022.01.29"]
[EventType "swiss"]
[EventRounds "9"]
[EventCountry "GER"]
[SourceTitle "CBM 206 Extra"]
[Source "ChessBase"]
[SourceDate "2022.03.31"]
[SourceVersion "1"]
[SourceVersionDate "2022.03.31"]
[SourceQuality "1"]

1. d4 g6 2. Nf3 Bg7 3. g3 Nf6 4. Bg2 0-0 5. 0-0 d5 6. c4 c6 7. b3 Bf5 8. Nc3 Ne4 9. Bb2 Na6 10. e3 Rc8 11. Nh4 Nxc3 12. Bxc3 Be6 13. c5 Nxc5 14. Rc1 Ne4 15. Bb4 Qd7 16. Re1 Rfe8 17. Re2 Bh3 18. Nf3 f6 19. Ne1 Bxg2 20. Kxg2 e5 21. Nd3 Ng5 22. Rec2 Qh3+ 23. Kh1 h5 24. f4 Ne4 25. Qf3 exd4 26. exd4 Re6 27. f5 Ng5 28. Qf2 Qxf5 29. Qxf5 gxf5 30. Nf4 Re4 31. Nxh5 Ne6 32. Bc3 Nxd4 33. Rd2 Ne2 34. Rcc2 Nxc3 35. Rxc3 Rce8 36. Rf2 Re1+ 37. Kg2 R1e2 38. Rcf3 Rxf2+ 39. Kxf2 Re5 40. Nf4 d4 41. Nd3 Ra5 42. a4 Kf7 43. Ke2 Bh6 44. Nb2 Re5+ 45. Kd3 Re3+ 46. Rxe3 dxe3 47. Nc4 b6 48. a5 b5 49. Nxe3 Bxe3 50. Kxe3 c5 51. a6 Kg6 52. Kf4 Kf7 53. Kxf5 c4 54. bxc4 b4 55. Ke4 Ke6 56. h4 Kd6 57. Kd4 f5 58. h5 1-0

[Event "Wiesbaden op 31st"]
[Site "Wiesbaden"]
[Date "2019.08.25"]
[Round "6"]
[White "Hipler, Andreas"]
[Black "Philipp, Nils"]
[Result "0-1"]
[WhiteElo "1801"]
[BlackElo "2017"]
[PlyCount "82"]
[EventDate "2019.08.22"]
[EventType "swiss"]
[EventRounds "7"]
[EventCountry "GER"]
[SourceTitle "EXT 2020"]
[Source "ChessBase"]
[SourceDate "2019.10.17"]
[SourceVersion "1"]
[SourceVersionDate "2019.10.17"]
[SourceQuality "1"]

1. d4 d5 2. Nf3 Nf6 3. g3 e6 4. Bg2 Be7 5. 0-0 0-0 6. c4 dxc4 7. Ne5 c5 8. dxc5 Qc7 9. Nxc4 Bxc5 10. Qc2 e5 11. b3 Nc6 12. e3 Nb4 13. Qe2 Bg4 14. f3 Bf5 15. Rd1 Nc2 16. Bb2 Nxa1 17. Bxe5 Qe7 18. Bxa1 Rad8 19. Nbd2 b5 20. Ne5 Qe8 21. Kh1 Bd6 22. f4 Bxe5 23. Bxe5 Bd3 24. Qf3 Qe6 25. h3 Bc2 26. Bd4 Bxd1 27. Qxd1 Nd5 28. Qf3 f5 29. Qe2 a6 30. Nf3 b4 31. Ng5 Qc6 32. Qh5 Qg6 33. Qxg6 hxg6 34. Ne6 Nc3 35. Nxf8 Rxf8 36. a3 a5 37. axb4 axb4 38. Bf3 Rc8 39. Kg2 Ne4 40. Bxe4 fxe4 41. Bb6 Rc3 0-1

[Event "Oberliga Sued W 1819"]
[Site "Germany"]
[Date "2019.01.20"]
[Round "5.8"]
[White "Courtial, Ralf"]
[Black "Hipler, Andreas"]
[Result "0-1"]
[WhiteElo "1771"]
[BlackElo "1870"]
[PlyCount "62"]
[EventDate "2018.10.21"]
[EventType "team-tourn"]
[EventRounds "9"]
[EventCountry "GER"]
[SourceTitle "EXT 2020"]
[Source "ChessBase"]
[SourceDate "2019.10.17"]
[SourceVersion "1"]
[SourceVersionDate "2019.10.17"]
[SourceQuality "1"]
[WhiteTeam "Winterbach Turm"]
[BlackTeam "Gau Algesheim"]
[WhiteTeamCountry "GER"]
[BlackTeamCountry "GER"]

1. d4 Nf6 2. Nf3 d5 3. Bf4 Bg4 4. Nbd2 e6 5. e3 c5 6. c3 Nc6 7. Bd3 Bd6 8. Bg5 0-0 9. h3 Bh5 10. g4 Bg6 11. Bxg6 hxg6 12. Qe2 Qb6 13. Bxf6 gxf6 14. Rb1 cxd4 15. exd4 e5 16. dxe5 fxe5 17. h4 e4 18. Ng5 f6 19. Nh3 Kg7 20. h5 g5 21. Kf1 Rae8 22. Kg2 Kh6 23. Rhe1 f5 24. f3 exf3+ 25. Qxf3 Ne5 26. Qxd5 fxg4 27. Nxg5 Qf2+ 28. Kh1 Nc4 29. Re6+ Rxe6 30. Nf1 Qh4+ 31. Kg1 Rxf1+ 0-1

[Event "Wiesbaden op 30th"]
[Site "Wiesbaden"]
[Date "2018.08.25"]
[Round "4"]
[White "Ebert, Wolfgang"]
[Black "Hipler, Andreas"]
[Result "1/2-1/2"]
[WhiteElo "2180"]
[BlackElo "1852"]
[PlyCount "46"]
[EventDate "2018.08.23"]
[EventType "swiss"]
[EventRounds "7"]
[EventCountry "GER"]
[SourceTitle "CBM 186 Extra"]
[Source "ChessBase"]
[SourceDate "2018.08.24"]
[SourceVersion "1"]
[SourceVersionDate "2018.08.24"]
[SourceQuality "1"]

1. e4 d5 2. exd5 Qxd5 3. Nc3 Qd6 4. d4 Nf6 5. Nf3 c6 6. h3 Bf5 7. Bc4 h6 8. 0-0 e6 9. Ne5 Qc7 10. Re1 Bd6 11. Bb3 0-0 12. Qf3 Nbd7 13. Nc4 Nd5 14. Nxd6 Qxd6 15. Nxd5 cxd5 16. Bf4 Qc6 17. Qg3 Kh8 18. Qh4 Qb6 19. Rad1 Qd8 20. Qxd8 Rfxd8 21. f3 Rac8 22. c3 Nb6 23. Kf2 Nc4 1/2-1/2

[Event "Rheinland Pfalz op 10th"]
[Site "Nickenich"]
[Date "2018.06.02"]
[Round "6"]
[White "Hipler, Andreas"]
[Black "Pikatz, Frank"]
[Result "1/2-1/2"]
[WhiteElo "1878"]
[BlackElo "1657"]
[PlyCount "52"]
[EventDate "2018.05.31"]
[EventType "swiss"]
[EventRounds "7"]
[EventCountry "GER"]
[SourceTitle "EXT 2019"]
[Source "ChessBase"]
[SourceDate "2018.10.10"]
[SourceVersion "1"]
[SourceVersionDate "2018.10.10"]
[SourceQuality "1"]

1. d4 Nf6 2. Nf3 b6 3. e3 Bb7 4. Bd3 d5 5. 0-0 e6 6. b3 Be7 7. Nbd2 0-0 8. Bb2 Nbd7 9. Ne5 Rc8 10. c4 c5 11. Rc1 Nxe5 12. dxe5 Ne4 13. Bxe4 dxe4 14. Qc2 Qd3 15. Qxd3 exd3 16. Rfd1 Rcd8 17. f3 Rd7 18. Nb1 Rfd8 19. Rd2 Bg5 20. Kf2 f5 21. Nc3 a6 22. Rcd1 Bc6 23. a4 h5 24. Ba3 Be7 25. g3 g5 26. Rg1 g4 1/2-1/2